|
|
|
|
| LEADER |
01745nam a2200325 a 4500 |
| 001 |
4060118 |
| 003 |
BD-DhAAL |
| 008 |
090729r19981966enka 000 0 eng d |
| 010 |
|
|
|a 66008433
|
| 020 |
|
|
|a 8123909543
|
| 040 |
|
|
|a DLC
|c DLC
|d DLC
|d BD-DhAAL
|
| 082 |
0 |
0 |
|a 547.0028
|
| 100 |
1 |
|
|a Vogel, Arthur Israel.
|9 44229
|
| 245 |
1 |
0 |
|a Elementary practical organic chemistry.
|n Part 1,
|p small scale preparations /
|c Arthur I. Vogel.
|
| 250 |
|
|
|a Second edition.
|
| 260 |
|
|
|a London,
|b Longman ;
|a New Delhi :
|b CBS publishers & distributors.
|c 1966 (Reprinted 1998)
|
| 300 |
|
|
|a xx, 435 pages :
|b illustrations ;
|c 23 cm.
|
| 500 |
|
|
|a Includes index.
|
| 505 |
1 |
|
|a pt. 1. Small scale preparations.
|
| 526 |
|
|
|x Mustak Ibn Ayub
Department of Mathematics and Natural Sciences
Course name and no. "not available"
|
| 541 |
1 |
|
|a Parash Publishers
|e 00018920
|
| 650 |
|
0 |
|a Chemistry, organic
|x Laboratory manuals.
|9 44230
|
| 650 |
|
0 |
|a Chemistry, analytic
|x Laboratory manuals.
|9 44231
|
| 650 |
|
0 |
|a Pharmacy.
|9 44232
|
| 852 |
4 |
|
|a Ayesha Abed Library
|j General shelf
|
| 942 |
|
|
|2 ddc
|c BK
|
| 999 |
|
|
|c 2954
|d 2954
|
| 952 |
|
|
|0 0
|1 0
|2 ddc
|4 0
|6 547_002800000000000_VOG_2002
|7 0
|9 2670
|a BRACUL
|b BRACUL
|c GEN
|d 2009-08-18
|g 273.00
|l 0
|o 547.0028 VOG
|p 3010018920
|r 2009-08-18
|t 1
|v 542.00
|w 2009-08-18
|y BK
|
| 952 |
|
|
|0 0
|1 0
|2 ddc
|4 0
|6 547_002800000000000_VOG_2002
|7 0
|9 16310
|a BRACUL
|b BRACUL
|c GEN
|d 2011-05-07
|l 0
|o 547.0028 VOG
|p 3010018919
|r 2011-05-07
|t 2
|w 2011-05-07
|y BK
|
| 952 |
|
|
|0 0
|1 0
|2 ddc
|4 0
|6 547_002800000000000_VOG
|7 0
|9 16311
|a BRACUL
|b BRACUL
|c GEN
|d 2011-05-07
|e Parash Publishers
|g 820.00
|l 0
|o 547.0028 VOG
|p 3010019040
|r 2011-05-07
|t 3
|v 1640.00
|w 2011-05-07
|y BK
|x Requisitioned by Mustak Ibn Ayub, Department of Mathematics and Natural Sciences, Course name and no. "not available"
|